Globalización, crecimiento y pobreza : construyendo una economía mundial incluyente / World Bank Policy research report (Registro nro. 17105)
[ vista simple ]
| 000 -LÍDER | |
|---|---|
| fixed length control field | 00556nam a2200145 4500 |
| 008 - ELEMENTOS DE LONGITUD FIJA -- INFORMACIÓN GENERAL | |
| fixed length control field | 0 2002 0x 000 0MEX |
| 020 ## - NÚMERO INTERNACIONAL NORMALIZADO PARA LIBROS | |
| ISBN | 958-682-376-8 |
| 050 ## - SIGNATURA TOPOGRAFICA DE LA BIBLIOTECA DEL CONGRESO (LC) | |
| Número de Clasificación | HC59.72 W59 2002 |
| 082 ## - NUMERO DE CLASIFICACION DECIMAL DEWEY | |
| Número de Clasificación | 338.900.91 W924g |
| 110 ## - ASIENTO PRINCIPAL--NOMBRE CORPORATIVO | |
| Nombre corporativo o de jurisdicción como elemento de entrada | World Bank |
| 245 ## - TÍTULO | |
| Título | Globalización, crecimiento y pobreza : construyendo una economía mundial incluyente / World Bank Policy research report |
| 260 ## - PUBLICACIÓN, DISTRIBUCIÓN, ETC. (PIE DE IMPRENTA) | |
| Lugar de publicación, distribución, etc. | México : Alfaomega |
| 300 ## - DESCRIPCIÓN FÍSICA | |
| Extensión | xxxiii, 152 p. / 23 cm. |
| 650 ## - ASIENTO SECUNDARIO DE MATERIA - TERMINO TEMÁTICO | |
| Término temático o nombre geográfico como elemento de entrada | 1.GLOBALIZACION \ 2.COMPETENCIA INTERNACIONAL \ 3.RELACIONES ECONOMICAS INTERNACIONALES |
| No. biblioteca | No. biblioteca | Número de clasificación | Código de barras/Número de adquisición | Número de copia | Tipo de material |
|---|---|---|---|---|---|
| LUIS G. INCLAN | LUIS G. INCLAN | 338.900.91 W924g | 43468 | 1 | Libros |
| LUIS G. INCLAN | LUIS G. INCLAN | 338.900.91 W924g | 43469 | 2 | Libros |
| LUIS G. INCLAN | LUIS G. INCLAN | 338.900.91 W924g | 43470 | 3 | Libros |
